MENGGAPAI BINTANG : Ibrah 18 Kisah-Kisah Dalam Al-Quran

Bibliographic Details
Main Author: Muhammad Syaari Ab. Rahman Ustaz (Author)
Other Authors: Mohd. Zulkefli Mohamad Jamaluddin (Editor)
Format: Book
Published: Seri Kembangan, Selangor : IMAN PUBLICATION SDN BHD [2019]
Subjects:

MARC

LEADER 00000cam a2200000 7i4500
001 0000136256
005 20200225.0
008 200225s2019 my e 000 0 bm
020 |a 9789832423621 
040 |a PERPUSTAM   |b eng   |c PERPUSTAM   |e rda 
090 0 0 |a 297.18   |b MSA 
100 0 |a Muhammad Syaari Ab. Rahman   |c Ustaz ,   |e author. 
245 1 0 |a MENGGAPAI BINTANG :   |b Ibrah 18 Kisah-Kisah Dalam Al-Quran   |c Syaari Ab Rahman ; Editor Mohd Zulkefli Mohamad Jamaluddin 
264 1 |a Seri Kembangan, Selangor :   |b IMAN PUBLICATION SDN BHD   |c [2019] 
300 |a 264 pages ;   |c 22 cm. 
336 |a text, rdacontent 
337 |a unmediated  |2 rdamedia 
338 |a volume  |2 rdacarrier 
500 |a Contains verses from the Qur'an 
650 1 0 |a Islamic stories, Malay 
650 2 0 |a Qur'an stories, Malay 
700 0 |a Mohd. Zulkefli Mohamad Jamaluddin ,   |e editor 
999 |a 0000642099   |b Buku   |c Rak Terbuka   |e Perbadanan Perpustakaan Awam Melaka 
999 |a 0000642100   |b Buku   |c Rak Terbuka   |e Perpustakaan Cawangan Jasin 
999 |a 0000642101   |b Buku   |c Rak Terbuka   |e Perpustakaan Cawangan Masjid Tanah 
999 |a 0000642102   |b Buku   |c Rak Terbuka   |e Perpustakaan Cawangan Merlimau 
999 |a 0000642103   |b Buku   |c Rak Terbuka   |e Perbadanan Perpustakaan Awam Melaka 
999 |a 0000642104   |b Buku   |c Rak Terbuka   |e Perbadanan Perpustakaan Awam Melaka 
999 |a 0000642105   |b Buku   |c Rak Terbuka   |e Perpustakaan Komuniti UTC Melaka 
999 |a 0000642106   |b Buku   |c Rak Terbuka   |e Perbadanan Perpustakaan Awam Melaka 
999 |a 0000642107   |b Buku   |c Rak Terbuka   |e Perbadanan Perpustakaan Awam Melaka 
999 |a 0000642108   |b Buku   |c Rak Terbuka   |e Perpustakaan Desa Asahan 
999 |a 0000642109   |b Buku   |c Rak Terbuka   |e Perbadanan Perpustakaan Awam Melaka 
999 |a 0000642110   |b Buku   |c Rak Terbuka   |e Perbadanan Perpustakaan Awam Melaka 
999 |a 0000642111   |b Buku   |c Rak Terbuka   |e Perbadanan Perpustakaan Awam Melaka 
999 |a 0000642112   |b Buku   |c Rak Terbuka   |e Perpustkaan Desa Lubuk China 
999 |a 0000642113   |b Buku   |c Rak Terbuka   |e Perbadanan Perpustakaan Awam Melaka 
999 |a 0000642114   |b Buku   |c Rak Terbuka   |e Perbadanan Perpustakaan Awam Melaka 
999 |a 0000642115   |b Buku   |c Rak Terbuka   |e Perbadanan Perpustakaan Awam Melaka 
999 |a 0000642116   |b Buku   |c Rak Terbuka   |e Perbadanan Perpustakaan Awam Melaka 
999 |a 0000642117   |b Buku   |c Rak Terbuka   |e Perbadanan Perpustakaan Awam Melaka 
999 |a 0000642118   |b Buku   |c Rak Terbuka   |e PK Aeon Jaya Jusco 
999 |a 0000642119   |b Buku   |c Rak Terbuka   |e Perbadanan Perpustakaan Awam Melaka 
999 |a 0000642120   |b Buku   |c Rak Terbuka   |e Perbadanan Perpustakaan Awam Melaka